[Event "Mauricie op"]
[Site "Trois-Rivieres CAN"]
[Date "2016.03.19"]
[Round "3"]
[White "Rodrigue-Lemieux, Shawn"]
[Black "Ouellet, Maili-Jade"]
[Result "1-0"]
[WhiteElo "2192"]
[BlackElo "1989"]
[PlyCount "72"]
[EventDate "2016.03.18"]
[EventType "swiss"]
[EventRounds "5"]
[EventCountry "CAN"]

1. e4 c5 2. Nf3 a6 3. c4 e6 4. d4 cxd4 5. Nxd4 Nf6 6. Nc3 d6 7. g3 Be7 8. Bg2
Qc7 9. b3 O-O 10. Bb2 Nbd7 11. O-O Rd8 12. Rc1 Nf8 13. Kh1 Bd7 14. f4 Rac8 15.
Qe2 Qb8 16. e5 Ne8 17. h4 dxe5 18. fxe5 Ng6 19. Rce1 Bc5 20. Nf3 h6 21. h5 Ne7
22. g4 f6 23. Ne4 Bb4 24. exf6 Nxf6 25. Be5 Qa7 26. Bxf6 Bxe1 27. Bxe7 Re8 28.
Nd6 Bg3 29. Nxc8 Bxc8 30. Bh4 Bd6 31. Bf2 Qb8 32. Bd4 e5 33. Qe4 Bxg4 34. Qxg4
exd4 35. Nxd4 Qc7 36. Bd5+ Kh8 1-0

[Event "Mauricie op"]
[Site "Trois-Rivieres CAN"]
[Date "2016.03.20"]
[Round "4"]
[White "Larochelle, Martial"]
[Black "Rodrigue-Lemieux, Shawn"]
[Result "0-1"]
[WhiteElo "2194"]
[BlackElo "2192"]
[PlyCount "78"]
[EventDate "2016.03.18"]
[EventType "swiss"]
[EventRounds "5"]
[EventCountry "CAN"]

1. d4 d5 2. c4 e6 3. Nc3 f5 4. Nf3 c6 5. Bf4 Nf6 6. e3 Bd6 7. Qc2 a6 8. Bd3 O-O
9. O-O Ne4 10. Bxd6 Qxd6 11. Ne5 b5 12. cxd5 cxd5 13. Rac1 Bb7 14. f3 Nf6 15.
Ne2 Nc6 16. Qc5 Qxc5 17. Rxc5 Nxe5 18. dxe5 Nd7 19. Rc7 Nxe5 20. Bxf5 exf5 21.
Rxb7 Nc4 22. Rd1 Nxe3 23. Rd3 Rae8 24. Nf4 Re5 25. Rd7 Rc8 26. h4 Rc1+ 27. Kh2
Rc2 28. Kh3 Rxb2 29. Ra3 Kf8 30. Rxa6 Re7 31. Ra8+ Kf7 32. Rdd8 g6 33. Rf8+ Kg7
34. Rg8+ Kh6 35. g4 Nxg4 36. Nxd5 Nf2+ 37. Kg3 Ree2 38. Ra7 Rbd2 39. Nf6 f4+
0-1

[Event "Mauricie op"]
[Site "Trois-Rivieres CAN"]
[Date "2016.03.20"]
[Round "5"]
[White "Rodrigue-Lemieux, Shawn"]
[Black "Libersan, Thierry"]
[Result "1/2-1/2"]
[WhiteElo "2192"]
[BlackElo "2132"]
[PlyCount "27"]
[EventDate "2016.03.18"]
[EventType "swiss"]
[EventRounds "5"]
[EventCountry "CAN"]

1. e4 c5 2. Nf3 e6 3. d4 cxd4 4. Nxd4 Nf6 5. Bd3 Nc6 6. Nb3 d5 7. exd5 Nxd5 8.
O-O Be7 9. N1d2 O-O 10. Nf3 b6 11. a3 Bb7 12. Bd2 Qc7 13. c4 Nf4 14. Bxf4
1/2-1/2

[Event "Gatineau op"]
[Site "Gatineau CAN"]
[Date "2016.03.05"]
[Round "2"]
[White "Huang, Qiuyu"]
[Black "Rodrigue-Lemieux, Shawn"]
[Result "0-1"]
[WhiteElo "1925"]
[BlackElo "2143"]
[PlyCount "94"]
[EventDate "2016.03.04"]
[EventType "swiss"]
[EventRounds "5"]
[EventCountry "CAN"]

1. e4 c6 2. d4 d5 3. exd5 cxd5 4. Bd3 Nc6 5. c3 Nf6 6. Bf4 e6 7. Nf3 Bd6 8.
Bxd6 Qxd6 9. O-O O-O 10. Re1 Bd7 11. Nbd2 a6 12. Ne5 b5 13. Qf3 b4 14. Qh3 h6
15. Re3 a5 16. Rae1 Ne7 17. Rf3 Ne8 18. c4 f5 19. c5 Qc7 20. g4 Nc6 21. Nxd7
Qxd7 22. Bb5 Rb8 23. Bxc6 Qxc6 24. Re5 Qa4 25. gxf5 Qd1+ 26. Nf1 Qxd4 27. Rxe6
Qxc5 28. Rg3 d4 29. Rxh6 Rxf5 30. Rh8+ Kf7 31. Rf3 Rxf3 32. Qxf3+ Ke6 33. Qg4+
Kd6 34. Rh5 Qb6 35. Qf4+ Kc6 36. Qe4+ Kc7 37. Rd5 Rd8 38. Qe7+ Kc8 39. Qc5+
Qxc5 40. Rxc5+ Nc7 41. Rxa5 d3 42. Nd2 Re8 43. Nc4 Re1+ 44. Kg2 Rc1 45. Nd6+
Kd7 46. Ne4 Rc4 47. Nc5+ Rxc5 0-1

[Event "Gatineau op"]
[Site "Gatineau CAN"]
[Date "2016.03.05"]
[Round "3"]
[White "Rodrigue-Lemieux, Shawn"]
[Black "Davies, Alex"]
[Result "1-0"]
[WhiteElo "2143"]
[BlackElo "2259"]
[PlyCount "101"]
[EventDate "2016.03.04"]
[EventType "swiss"]
[EventRounds "5"]
[EventCountry "CAN"]

1. e4 e5 2. Nf3 Nc6 3. Bc4 Nf6 4. Ng5 d5 5. exd5 b5 6. dxc6 bxc4 7. O-O Bg4 8.
Qe1 Bd6 9. Nc3 O-O 10. b3 Qe8 11. bxc4 Qxc6 12. d3 Rfe8 13. Nce4 Bf8 14. Bb2
Rab8 15. Bc3 Nh5 16. f3 Bd7 17. Ng3 Nf4 18. Qd2 h6 19. N5e4 Ng6 20. Rae1 f5 21.
Nf2 Bd6 22. d4 exd4 23. Qxd4 Be5 24. Qd2 Bxc3 25. Qxc3 Nf4 26. Nd3 Nxd3 27.
cxd3 Qb6+ 28. c5 Qg6 29. Re5 Qf6 30. f4 Rxe5 31. fxe5 Qg6 32. Ne2 Re8 33. d4
Qa6 34. Nf4 Qxa2 35. d5 Bb5 36. Ra1 Qc4 37. Qxc4 Bxc4 38. d6 cxd6 39. exd6 Bb5
40. Rxa7 g5 41. Nd5 Re1+ 42. Kf2 Re2+ 43. Kf3 g4+ 44. Kf4 Rxg2 45. c6 Rf2+ 46.
Ke5 Bxc6 47. Ne7+ Kf8 48. Nxc6 Rxh2 49. d7 Rd2 50. Ra8+ Kf7 51. Nd4 1-0

[Event "Gatineau op"]
[Site "Gatineau CAN"]
[Date "2016.03.06"]
[Round "5"]
[White "Sambuev, Bator"]
[Black "Rodrigue-Lemieux, Shawn"]
[Result "1-0"]
[WhiteElo "2586"]
[BlackElo "2143"]
[PlyCount "71"]
[EventDate "2016.03.04"]
[EventType "swiss"]
[EventRounds "5"]
[EventCountry "CAN"]

1. e4 c6 2. d4 d5 3. exd5 cxd5 4. Bd3 e6 5. Nf3 Bd6 6. O-O Nf6 7. Re1 O-O 8. c3
Nc6 9. Bg5 Bd7 10. Nbd2 h6 11. Bh4 Be7 12. Ne5 Nxe5 13. dxe5 Ne8 14. Bg3 Qb6
15. Nb3 a5 16. a4 Rc8 17. Bf4 f5 18. exf6 Bxf6 19. Be3 Qc7 20. Bc2 Be7 21. Qd3
Nf6 22. Bxh6 Ne4 23. Rxe4 dxe4 24. Qxe4 Rf5 25. Nd4 Qd6 26. Rd1 Bc6 27. Qg4 Qe5
28. Bxf5 exf5 29. Nxf5 Rf8 30. Nxe7+ Qxe7 31. Be3 Re8 32. Rd4 Qf7 33. h4 b5 34.
axb5 Bxb5 35. Qg5 Bc6 36. Qxa5 1-0

[Event "Carnaval"]
[Site "Quebec CAN"]
[Date "2016.02.19"]
[Round "1"]
[White "Rodrigue-Lemieux, Shawn"]
[Black "Dorion, Francois"]
[Result "1-0"]
[WhiteElo "2119"]
[BlackElo "1569"]
[PlyCount "71"]
[EventDate "2016.02.19"]
[EventType "swiss"]
[EventRounds "5"]
[EventCountry "CAN"]

1. e4 e5 2. Nf3 Nc6 3. Bc4 Be7 4. O-O Nf6 5. Re1 d6 6. h3 O-O 7. c3 Nxe4 8.
Rxe4 d5 9. Re1 dxc4 10. Nxe5 Nxe5 11. Rxe5 Bd6 12. Re1 Bf5 13. b3 Qd7 14. bxc4
Rfe8 15. d4 Bxh3 16. Be3 Re6 17. gxh3 Rg6+ 18. Kf1 Qxh3+ 19. Ke2 Re8 20. Kd2
Rg2 21. Kc1 Qf5 22. Qc2 Qf3 23. c5 Bf4 24. Nd2 Bxe3 25. Rxe3 Qc6 26. d5 Qb5 27.
Rxe8+ Qxe8 28. Nb3 Qe5 29. Kb2 Qf6 30. Re1 g6 31. Re2 Rg4 32. Nd4 Qa6 33. Re8+
Kg7 34. Qe2 Qxe2+ 35. Rxe2 Rg5 36. c4 1-0

[Event "Carnaval"]
[Site "Quebec CAN"]
[Date "2016.02.20"]
[Round "2"]
[White "Bolduc, Steve"]
[Black "Rodrigue-Lemieux, Shawn"]
[Result "1-0"]
[WhiteElo "2309"]
[BlackElo "2119"]
[PlyCount "61"]
[EventDate "2016.02.19"]
[EventType "swiss"]
[EventRounds "5"]
[EventCountry "CAN"]

1. d4 d5 2. c4 e6 3. Nc3 Nf6 4. Nf3 Be7 5. Bf4 O-O 6. e3 Nbd7 7. Qc2 c6 8. a3
Re8 9. Bd3 dxc4 10. Bxc4 b6 11. O-O Bb7 12. Rad1 Qc8 13. e4 Ba6 14. Qe2 Bxc4
15. Qxc4 b5 16. Qe2 Nb6 17. Bg5 a5 18. e5 Nfd5 19. Bxe7 Nxc3 20. bxc3 Rxe7 21.
Ng5 Nc4 22. a4 h6 23. Ne4 Rd7 24. Rd3 Qd8 25. Rg3 Kh8 26. f4 Rb8 27. Qg4 Qf8
28. f5 exf5 29. Qxf5 Qd8 30. Nf6 gxf6 31. Qh3 1-0

[Event "Mercredi 2016.02.17 ABCD"]
[Site "Montreal CAN"]
[Date "2016.02.17"]
[Round "1"]
[White "Rodrigue-Lemieux, Shawn"]
[Black "Gelet, Seymour"]
[Result "0-1"]
[WhiteElo "2119"]
[BlackElo "2066"]
[PlyCount "50"]
[EventDate "2016.02.17"]
[EventType "tourn"]
[EventRounds "5"]
[EventCountry "CAN"]

1. e4 c5 2. Nf3 Nc6 3. Bb5 g6 4. O-O Bg7 5. Re1 e5 6. a4 Nge7 7. Nc3 O-O 8. d3
h6 9. Nd5 d6 10. c3 Nxd5 11. exd5 Ne7 12. Bc4 f5 13. Kh1 Kh7 14. Ra2 b6 15. b4
cxb4 16. cxb4 Bb7 17. Qb3 a6 18. b5 axb5 19. axb5 Rxa2 20. Qxa2 Qa8 21. Ba3 Rd8
22. Nxe5 Bxe5 23. Rxe5 dxe5 24. Bxe7 Qxa2 25. Bxa2 Ra8 0-1

[Event "Mercredi 2016.02.17 ABCD"]
[Site "Montreal CAN"]
[Date "2016.02.24"]
[Round "2"]
[White "Jacquet, Stephane"]
[Black "Rodrigue-Lemieux, Shawn"]
[Result "0-1"]
[WhiteElo "2060"]
[BlackElo "2119"]
[PlyCount "106"]
[EventDate "2016.02.17"]
[EventType "tourn"]
[EventRounds "5"]
[EventCountry "CAN"]

1. d4 d5 2. Nc3 Nf6 3. Bg5 Ne4 4. Nxe4 dxe4 5. Qd2 h6 6. Bh4 c5 7. O-O-O cxd4
8. Qxd4 Qxd4 9. Rxd4 Nc6 10. Rxe4 g5 11. Bg3 f5 12. Ra4 f4 13. Bxf4 gxf4 14.
Rxf4 e5 15. Rf3 Bg4 16. Rg3 h5 17. e3 O-O-O 18. Be2 Be6 19. Rg5 h4 20. Bg4 Bxg4
21. Rxg4 Be7 22. h3 Rhg8 23. Nf3 Rdf8 24. Rxg8 Rxg8 25. Rg1 e4 26. Nd2 Ne5 27.
g4 Nf3 28. Nxf3 exf3 29. c4 Bd6 30. Kc2 Kc7 31. a3 a5 32. Kd3 Re8 33. Rb1 a4
34. Rg1 Be5 35. Kc2 Kc6 36. b4 axb3+ 37. Kxb3 Rd8 38. g5 Bh2 39. Rh1 Be5 40.
Rg1 Rg8 41. g6 Bg3 42. Rf1 Rxg6 43. Kc3 Bd6 44. a4 Rg3 45. Kd4 Rxh3 46. Ke4 Kc5
47. Rb1 Kxc4 48. Rxb7 Rh1 49. Rd7 Kc5 50. Rh7 h3 51. Rh5+ Kc6 52. Kxf3 h2 53.
Ke4 Ra1 0-1

[Event "Mercredi 2016.02.17 ABCD"]
[Site "Montreal CAN"]
[Date "2016.03.02"]
[Round "3"]
[White "Rodrigue-Lemieux, Shawn"]
[Black "Tremblay, Alain"]
[Result "1/2-1/2"]
[WhiteElo "2119"]
[BlackElo "2177"]
[PlyCount "36"]
[EventDate "2016.02.17"]
[EventType "tourn"]
[EventRounds "5"]
[EventCountry "CAN"]

1. e4 c6 2. d4 d5 3. Nc3 dxe4 4. Nxe4 Bf5 5. Ng3 Bg6 6. h4 h6 7. Nh3 Nf6 8. Nf4
Bh7 9. c3 e6 10. Bd3 Bxd3 11. Qxd3 Bd6 12. Bd2 Nbd7 13. O-O-O Qc7 14. Nfh5
O-O-O 15. Nxf6 Nxf6 16. Ne4 Nxe4 17. Qxe4 Qa5 18. Kb1 Qd5 1/2-1/2

[Event "Mercredi 2016.02.17 ABCD"]
[Site "Montreal CAN"]
[Date "2016.03.09"]
[Round "4"]
[White "Rodrigue-Lemieux, Shawn"]
[Black "Boudreau, Daniel"]
[Result "1-0"]
[WhiteElo "2119"]
[BlackElo "2119"]
[PlyCount "45"]
[EventDate "2016.02.17"]
[EventType "tourn"]
[EventRounds "5"]
[EventCountry "CAN"]

1. e4 c5 2. Nf3 Nc6 3. Bb5 d6 4. O-O Bd7 5. c4 g6 6. Bxc6 Bxc6 7. Nc3 Nf6 8.
Re1 e5 9. b4 cxb4 10. Nd5 Bg7 11. d4 O-O 12. dxe5 dxe5 13. Bb2 Nd7 14. Nxb4 Qb6
15. Bc3 Rac8 16. Rc1 Rfd8 17. Nd5 Bxd5 18. cxd5 f6 19. Qd2 Qa6 20. Bb4 Rc4 21.
d6 Qb5 22. a4 Qc6 23. Qa2 1-0

[Event "Mercredi 2016.02.17 ABCD"]
[Site "Montreal CAN"]
[Date "2016.03.16"]
[Round "5"]
[White "Lopez Linares, Lizandro"]
[Black "Rodrigue-Lemieux, Shawn"]
[Result "1/2-1/2"]
[WhiteElo "2218"]
[BlackElo "2119"]
[PlyCount "34"]
[EventDate "2016.02.17"]
[EventType "tourn"]
[EventRounds "5"]
[EventCountry "CAN"]

1. Nf3 d5 2. c4 c6 3. d4 e6 4. cxd5 cxd5 5. Nc3 Nc6 6. Bf4 f5 7. e3 Nf6 8. Bd3
Bd6 9. Bg3 O-O 10. O-O Ne4 11. Nd2 f4 12. exf4 Nxg3 13. hxg3 Nxd4 14. Nf3 Nf5
15. Bxf5 Rxf5 16. Nd4 Rf6 17. Re1 Bd7 1/2-1/2

[Event "Ligue elite du dimanche 2016.01"]
[Site "Montreal CAN"]
[Date "2016.02.07"]
[Round "2"]
[White "Fan, Run Kun"]
[Black "Rodrigue-Lemieux, Shawn"]
[Result "0-1"]
[WhiteElo "2067"]
[BlackElo "2091"]
[Annotator "Lefong Hua"]
[PlyCount "88"]
[EventDate "2016.01.31"]
[EventType "team"]
[EventRounds "7"]
[EventCountry "CAN"]

1. Nf3 Nf6 2. g3 g6 3. Bg2 Bg7 4. c4 O-O 5. O-O c6 6. d4 d5 7. cxd5 cxd5 8. Nc3
Nc6 9. Ne5 Bf5 10. Nxc6 bxc6 11. b3 Ne4 12. Nxe4 dxe4 13. Be3 c5 14. dxc5 Bxa1
15. Qxa1 f6 16. Rd1 Qc7 17. Qc3 Rad8 18. Qc4+ Kg7 19. Rc1 Qe5 20. c6 Qd5 21.
Qxd5 Rxd5 22. h3 g5 23. b4 a5 24. a3 axb4 25. axb4 Rc8 26. f3 Rb5 27. fxe4 Bg6
28. e5 Rxb4 29. Bc5 Rb1 30. Rxb1 Bxb1 31. Bxe7 fxe5 32. Bd6 Kf6 33. Bd5 Bf5 34.
g4 Be6 35. Be4 Rd8 36. Bc5 Rd1+ 37. Kf2 Rc1 38. Be3 Rc4 39. Kf3 h6 40. Bf2 Ke7
41. Bg3 Kd6 42. Bh2 Bd5 43. Bxd5 Kxd5 44. e4+ Rxe4 0-1

[Event "Ligue elite du dimanche 2016.01"]
[Site "Montreal CAN"]
[Date "2016.02.14"]
[Round "3"]
[White "Rodrigue-Lemieux, Shawn"]
[Black "Sprumont, Oscar"]
[Result "0-1"]
[WhiteElo "2119"]
[BlackElo "2119"]
[Annotator "Lefong Hua"]
[PlyCount "150"]
[EventDate "2016.01.31"]
[EventType "team"]
[EventRounds "7"]
[EventCountry "CAN"]

1. e4 e5 2. Nf3 Nc6 3. Bc4 Nf6 4. Ng5 d5 5. exd5 Na5 6. Bb5+ Bd7 7. Qe2 Be7 8.
Nc3 O-O 9. O-O c6 10. dxc6 Nxc6 11. Bxc6 Bxc6 12. d3 Nd5 13. Nxd5 Qxd5 14. Qe4
Qxe4 15. Nxe4 Rac8 16. c3 Rfd8 17. Ng3 Rxd3 18. Be3 b6 19. Rad1 Rcd8 20. Rxd3
Rxd3 21. Re1 f6 22. f3 g6 23. Nf1 Kf7 24. Bf2 Bd5 25. a3 Bd6 26. Ne3 Be6 27.
Kf1 Rd2 28. Re2 Rxe2 29. Kxe2 f5 30. Kd3 f4 31. Nc4 Bf5+ 32. Kd2 Bc7 33. g3 e4
34. fxe4 Bxe4 35. Ke2 Ke6 36. Nd2 Bb7 37. Nb3 Kf6 38. Nd4 g5 39. a4 Ke5 40. h4
h6 41. hxg5 hxg5 42. gxf4+ gxf4 43. Nf3+ Kf5 44. Nd4+ Ke4 45. b4 Bd5 46. Be1
Bd8 47. Kf2 Bh4+ 48. Ke2 Bc4+ 49. Kd2 Bxe1+ 50. Kxe1 Kd3 51. Nc6 Kxc3 52. Nxa7
Kxb4 53. Nc8 Kc5 54. Kf2 Bd5 55. Ne7 Bb7 56. Ng6 f3 57. Ne5 Bd5 58. Nd7+ Kc6
59. Nf6 Kd6 60. Ke3 Bc6 61. Ng4 Bxa4 62. Nf2 Bc6 63. Nd3 Bb7 64. Kd4 Ba6 65.
Nf2 Be2 66. Ne4+ Kc6 67. Nf2 b5 68. Ng4 Kb6 69. Kc3 Kc5 70. Nf2 Kd5 71. Kb3 Kd4
72. Ng4 Ke4 73. Kc3 Kf4 74. Nf2 Kg3 75. Ne4+ Kg2 0-1

[Event "Ligue elite du dimanche 2016.01"]
[Site "Montreal CAN"]
[Date "2016.02.29"]
[Round "4"]
[White "Rodrigue-Lemieux, Shawn"]
[Black "Yao, Houji"]
[Result "0-1"]
[WhiteElo "2027"]
[BlackElo "2143"]
[PlyCount "70"]
[EventDate "2016.01.31"]
[EventType "team"]
[EventRounds "7"]
[EventCountry "CAN"]

1. e4 c5 2. Nf3 a6 3. c4 e6 4. Nc3 Qc7 5. d4 cxd4 6. Nxd4 b6 7. Be2 Bb7 8. O-O
Nf6 9. f3 Bd6 10. Kh1 Be7 11. Be3 O-O 12. Rc1 d6 13. a3 Nbd7 14. Qe1 Rac8 15.
Qg3 Rfd8 16. Nd5 exd5 17. Nf5 Bf8 18. Nh6+ Kh8 19. Nxf7+ Kg8 20. Nxd8 Qxd8 21.
exd5 b5 22. b3 Qa5 23. Qh3 Re8 24. f4 Qxa3 25. cxb5 Qxb3 26. bxa6 Rxe3 27. Rf3
Qb2 28. Rg1 Rxe2 29. Rb3 Ne4 30. Rf3 Bxa6 31. Qxd7 Nf2+ 32. Rxf2 Rxf2 33. Qe6+
Kh8 34. Qf7 Qf6 35. Qa7 Ra2 0-1

[Event "Quebec-ch U12"]
[Site "Montreal CAN"]
[Date "2016.01.15"]
[Round "1"]
[White "Rodrigue-Lemieux, Shawn"]
[Black "Democri, Radin"]
[Result "1-0"]
[WhiteElo "2092"]
[BlackElo "1216"]
[PlyCount "89"]
[EventDate "2016.01.15"]
[EventType "swiss"]
[EventRounds "5"]
[EventCountry "CAN"]

1. e4 d6 2. d4 f5 3. Nc3 fxe4 4. Nxe4 d5 5. Ng3 Nc6 6. Nf3 Bg4 7. Be2 Bxf3 8.
Bxf3 Nf6 9. O-O e6 10. Re1 Qd7 11. c4 Bb4 12. Re2 O-O 13. c5 Ne4 14. Be3 e5 15.
Bxe4 dxe4 16. Qb3+ Qf7 17. d5 Nd4 18. Bxd4 exd4 19. Qxb4 Qxd5 20. Rxe4 Rad8 21.
Rd1 Qxa2 22. Rexd4 Rxd4 23. Qxd4 a5 24. Qd5+ Qxd5 25. Rxd5 c6 26. Rd7 Rf7 27.
Rxf7 Kxf7 28. Nf5 g6 29. Nd6+ Ke6 30. Nxb7 a4 31. Kf1 Kd5 32. Ke2 Kc4 33. Kd2
Kd4 34. Kc2 Kc4 35. f4 Kd4 36. g4 Ke4 37. f5 gxf5 38. Nd6+ Kd5 39. gxf5 Kxc5
40. Ne4+ Kd5 41. f6 Ke6 42. Kc3 h5 43. Kb4 h4 44. Kxa4 h3 45. Kb4 1-0

[Event "Quebec-ch U12"]
[Site "Montreal CAN"]
[Date "2016.01.16"]
[Round "2"]
[White "Omichi, Haruaki"]
[Black "Rodrigue-Lemieux, Shawn"]
[Result "0-1"]
[WhiteElo "1355"]
[BlackElo "2092"]
[PlyCount "70"]
[EventDate "2016.01.15"]
[EventType "swiss"]
[EventRounds "5"]
[EventCountry "CAN"]

1. e4 c6 2. d4 d5 3. exd5 cxd5 4. Nf3 Nf6 5. Bd3 Nc6 6. a3 Bg4 7. c3 e6 8. O-O
Bd6 9. h3 Bh5 10. Nbd2 O-O 11. Qc2 Rc8 12. b4 Bf4 13. Be2 Bxd2 14. Bxd2 Bxf3
15. Bxf3 Nxd4 16. Qb2 Nxf3+ 17. gxf3 Nd7 18. Rae1 Qh4 19. Kh2 Rc4 20. f4 Nf6
21. f3 Nh5 22. Rg1 Nxf4 23. Bxf4 Qxf4+ 24. Rg3 Rfc8 25. Qg2 Rxc3 26. Kh1 g6 27.
Rf1 Rc1 28. Rxc1 Qxc1+ 29. Kh2 Rc2 30. Qxc2 Qxc2+ 31. Rg2 Qc3 32. Rf2 d4 33.
Kg2 d3 34. Kf1 Qc1+ 35. Kg2 d2 0-1

[Event "Quebec-ch U12"]
[Site "Montreal CAN"]
[Date "2016.01.16"]
[Round "3"]
[White "Rodrigue-Lemieux, Shawn"]
[Black "Tanaka, Tyler"]
[Result "1/2-1/2"]
[WhiteElo "2092"]
[BlackElo "1492"]
[PlyCount "70"]
[EventDate "2016.01.15"]
[EventType "swiss"]
[EventRounds "5"]
[EventCountry "CAN"]

1. e4 c5 2. Nf3 d6 3. d4 cxd4 4. Qxd4 Nc6 5. Bb5 Bd7 6. Bxc6 Bxc6 7. Nc3 Nf6 8.
Bg5 e6 9. O-O-O Be7 10. Qd3 Qc7 11. Kb1 O-O 12. h4 Rfd8 13. Qe2 b5 14. Nd4 a6
15. Nxc6 Qxc6 16. Rd3 Rac8 17. f3 b4 18. Nd1 a5 19. Nf2 Kf8 20. f4 d5 21. Bxf6
Bxf6 22. e5 Be7 23. Rg3 Qc4 24. Nd3 a4 25. Rc1 Kg8 26. h5 Rc7 27. Rf3 Rdc8 28.
Rff1 Qb5 29. g4 b3 30. cxb3 axb3 31. a3 Rc2 32. Qe3 Qa4 33. Rf2 Rxc1+ 34. Nxc1
Bc5 35. Qc3 Qe4+ 1/2-1/2

[Event "Quebec-ch U12"]
[Site "Montreal CAN"]
[Date "2016.01.17"]
[Round "4"]
[White "Zhong, Wenxuan"]
[Black "Rodrigue-Lemieux, Shawn"]
[Result "0-1"]
[WhiteElo "1906"]
[BlackElo "2092"]
[PlyCount "114"]
[EventDate "2016.01.15"]
[EventType "swiss"]
[EventRounds "5"]
[EventCountry "CAN"]

1. e4 c6 2. d4 d5 3. e5 Bf5 4. Nf3 e6 5. Be2 Nd7 6. O-O c5 7. c3 Ne7 8. Nh4
Bxb1 9. Rxb1 Nc6 10. Nf3 Be7 11. Be3 O-O 12. Bd3 Rc8 13. a3 Na5 14. Nd2 cxd4
15. cxd4 Nb6 16. Rc1 Rxc1 17. Qxc1 Qd7 18. Qb1 h6 19. b4 Nac4 20. Nxc4 Nxc4 21.
Bxc4 dxc4 22. Qe4 Qd5 23. Qg4 Kh8 24. Rc1 b5 25. Rc3 f5 26. Qf3 Qxf3 27. gxf3
Rd8 28. f4 g5 29. fxg5 hxg5 30. f3 Rd5 31. Kf1 Bd8 32. Rc1 f4 33. Bf2 Bb6 34.
Rd1 Kg7 35. Ke2 Kg6 36. h3 Rd7 37. Kd2 Kf5 38. Kc3 Bc7 39. Rg1 Rh7 40. Rh1 a6
41. Rh2 Bd8 42. Bg1 Be7 43. a4 bxa4 44. h4 Rxh4 45. Rxh4 gxh4 46. Kxc4 h3 47.
Kc3 a3 48. Kb3 a2 49. Kxa2 Bxb4 50. Kb3 Be1 51. Kc4 a5 52. d5 exd5+ 53. Kxd5 a4
54. e6 Bh4 55. Kc4 Be7 56. Bh2 Kxe6 57. Bxf4 Bd6 0-1

[Event "Quebec-ch U12"]
[Site "Montreal CAN"]
[Date "2016.01.17"]
[Round "5"]
[White "Huang, Qiuyu"]
[Black "Rodrigue-Lemieux, Shawn"]
[Result "0-1"]
[WhiteElo "1802"]
[BlackElo "2092"]
[PlyCount "116"]
[EventDate "2016.01.15"]
[EventType "swiss"]
[EventRounds "5"]
[EventCountry "CAN"]

1. e4 c6 2. d4 d5 3. exd5 cxd5 4. Bd3 Nf6 5. c3 Nc6 6. Bf4 e6 7. Nf3 Bd6 8.
Bxd6 Qxd6 9. O-O O-O 10. Re1 Rb8 11. a4 b6 12. Na3 a6 13. Qe2 Ra8 14. Ne5 Bb7
15. f4 Ne7 16. Nc2 Ne4 17. Nb4 a5 18. Nc2 f6 19. Bxe4 dxe4 20. Nc4 Qxf4 21.
Nxb6 Rad8 22. Qb5 f5 23. Nc4 Bd5 24. Ne5 Rb8 25. Qf1 Qxf1+ 26. Rxf1 Rxb2 27.
Ne3 Rb3 28. Rac1 Rc8 29. Nxd5 exd5 30. c4 dxc4 31. Nxc4 Rb4 32. Nxa5 Rxc1 33.
Rxc1 Rxa4 34. Nc4 Kf7 35. Nd6+ Ke6 36. Nb5 Rb4 37. Rc5 Rb1+ 38. Kf2 Rb2+ 39.
Kf1 Nd5 40. Nc7+ Nxc7 41. Rxc7 Kf6 42. Rc6+ Kg5 43. Rc7 Kf4 44. Rxg7 Ke3 45.
Rg3+ Kxd4 46. Rh3 f4 47. Ra3 Rd2 48. Rb3 Rd3 49. Rb1 Kc3 50. Rc1+ Kd2 51. Re1
Re3 52. Ra1 Rc3 53. Ra2+ Ke3 54. Ra1 f3 55. gxf3 Kxf3 56. Ke1 Rc2 57. Ra8 Rxh2
58. Rf8+ Ke3 0-1

[Event "Montcalm op"]
[Site "Quebec CAN"]
[Date "2016.01.08"]
[Round "1"]
[White "Potvin, Alain-Nicolas"]
[Black "Rodrigue-Lemieux, Shawn"]
[Result "0-1"]
[WhiteElo "1798"]
[BlackElo "2068"]
[PlyCount "66"]
[EventDate "2016.01.08"]
[EventType "swiss"]
[EventRounds "5"]
[EventCountry "CAN"]

1. d4 d5 2. Nf3 e6 3. e3 Nf6 4. Bd3 c5 5. c3 Nc6 6. Nbd2 Bd6 7. O-O O-O 8. Qe2
b6 9. dxc5 bxc5 10. e4 Qc7 11. Re1 dxe4 12. Nxe4 Nxe4 13. Qxe4 f5 14. Qh4 e5
15. Ng5 g6 16. Bc4+ Kh8 17. b3 Nd8 18. Bb2 Qg7 19. Rad1 Be7 20. Bd5 Rb8 21. c4
Bf6 22. f4 Bb7 23. fxe5 Bxg5 24. Qxg5 h6 25. Qd2 Kh7 26. e6 Qe7 27. Be5 Rc8 28.
Bxb7 Nxb7 29. Qd7 Rce8 30. Qxe7+ Rxe7 31. Rd7 Rfe8 32. Bf6 Rxd7 33. Kf2 Rd6 0-1

[Event "Montcalm op"]
[Site "Quebec CAN"]
[Date "2016.01.09"]
[Round "2"]
[White "Rodrigue-Lemieux, Shawn"]
[Black "Boulianne, Gabriel"]
[Result "1-0"]
[WhiteElo "2068"]
[BlackElo "1896"]
[PlyCount "53"]
[EventDate "2016.01.08"]
[EventType "swiss"]
[EventRounds "5"]
[EventCountry "CAN"]

1. e4 c5 2. Nf3 d6 3. d4 cxd4 4. Qxd4 Nc6 5. Bb5 Bd7 6. Bxc6 Bxc6 7. Nc3 Nf6 8.
Bg5 e5 9. Qd3 Be7 10. O-O O-O 11. Rad1 Qc8 12. Bxf6 gxf6 13. Nh4 Rd8 14. Nf5
Bf8 15. Qg3+ Kh8 16. Qh4 Qe6 17. Nd5 Bxd5 18. Rxd5 Rac8 19. Rd3 Rc4 20. Qh5
Rxe4 21. Rh3 h6 22. Nxh6 f5 23. Nxf5+ Bh6 24. Nxh6 Qg6 25. Nxf7+ Kg7 26. Rg3
Qxg3 27. fxg3 1-0

[Event "Montcalm op"]
[Site "Quebec CAN"]
[Date "2016.01.09"]
[Round "3"]
[White "Bolduc, Steve"]
[Black "Rodrigue-Lemieux, Shawn"]
[Result "1/2-1/2"]
[WhiteElo "2307"]
[BlackElo "2068"]
[PlyCount "78"]
[EventDate "2016.01.08"]
[EventType "swiss"]
[EventRounds "5"]
[EventCountry "CAN"]

1. d4 d5 2. c4 e6 3. Nc3 Nf6 4. Bg5 Nbd7 5. e3 Be7 6. Nf3 O-O 7. Rc1 c6 8. Bd3
h6 9. Bh4 dxc4 10. Bxc4 Nb6 11. Bb3 Nbd5 12. O-O b6 13. Ne5 Bb7 14. Nxd5 cxd5
15. Nc6 Bxc6 16. Rxc6 Ne4 17. f3 Nd6 18. Bg3 Rc8 19. Rxc8 Qxc8 20. Qd3 Qc6 21.
Bxd6 Bxd6 22. e4 dxe4 23. fxe4 Be7 24. Kh1 Kh8 25. d5 exd5 26. Bxd5 Qg6 27. Qf3
Bf6 28. Qa3 Rc8 29. Qxa7 Rc2 30. Qa8+ Kh7 31. e5 Rf2 32. Rg1 Bxe5 33. Be4 f5
34. Bd5 Qd6 35. Qg8+ Kg6 36. h4 Qe7 37. g3 Kh5 38. Re1 Kg4 39. Bg2 Qc5 1/2-1/2

[Event "Montcalm op"]
[Site "Quebec CAN"]
[Date "2016.01.10"]
[Round "4"]
[White "Rodrigue-Lemieux, Shawn"]
[Black "Abran, David"]
[Result "1-0"]
[WhiteElo "2068"]
[BlackElo "1785"]
[PlyCount "115"]
[EventDate "2016.01.08"]
[EventType "swiss"]
[EventRounds "5"]
[EventCountry "CAN"]

1. e4 c5 2. Nf3 d6 3. d4 cxd4 4. Qxd4 Nc6 5. Bb5 Bd7 6. Bxc6 Bxc6 7. Nc3 Nf6 8.
Bg5 e6 9. O-O-O Be7 10. Qd3 O-O 11. Nd4 d5 12. e5 Ng4 13. Bxe7 Qxe7 14. Qg3 Nh6
15. Rhe1 Rfc8 16. f4 a6 17. Qf3 b5 18. g4 Kh8 19. Kb1 b4 20. Nxc6 Rxc6 21. Ne2
a5 22. Nd4 Rb6 23. g5 Ng8 24. Qe3 Rab8 25. f5 a4 26. Rg1 b3 27. cxb3 axb3 28.
a3 exf5 29. Nxf5 Qe6 30. Nd4 Qg6+ 31. Qd3 Ne7 32. Qxg6 Nxg6 33. Nf3 Ne7 34. Rd3
f6 35. gxf6 gxf6 36. exf6 Rxf6 37. Ne5 Rf2 38. h3 Rf5 39. Nd7 Rb5 40. a4 Rb4
41. Nc5 d4 42. Rxb3 Rxb3 43. Nxb3 d3 44. Kc1 Nd5 45. a5 Nb4 46. Kd2 Rb5 47. Rg3
Re5 48. Kc3 Re2 49. Kxb4 d2 50. Rd3 d1=Q 51. Rxd1 Rxb2 52. Rg1 Rf2 53. a6 Rf8
54. Ka5 Rf5+ 55. Kb6 Rf6+ 56. Kb5 Rf3 57. a7 Rxb3+ 58. Ka4 1-0